000 00463nam a2200181Ia 4500
001 1498
005 20260306143733.0
008 260306t2013||||xx |||||||||||||| ||spa||
041 _aESP
082 _a150.287
_bM26
100 _aMartínez Arias, Rosario
_eAUT
245 0 _aPsicometría:
_bteoría de los tests psicológicos y educativos
260 _c2013
300 _a815 páginas :
_c23 cm.
650 _aGEN
654 _aCPS
942 _cLIB
_dJUS
_fJUS
_2ddc
_n
999 _c1498
_d1498